LEADER 01085nam0-2200313---450- 001 990008345620403321 005 20060615165404.0 035 $a000834562 035 $aFED01000834562 035 $a(Aleph)000834562FED01 035 $a000834562 100 $a20060615d1976----km-y0itay50------ba 101 0 $ager 102 $aDE 105 $aa-------001yy 200 1 $aFulda und Osthessen$eein Beitrag zur Methodik der zentralörtlichen Bereichsgliederung$fvon Norbert Herr 210 $aFrankfurt$cIm Selbstverlag des Seminars für Wirtschaftsgeographie der Johann Wolfgang Goethe-Universität$d1976 215 $a267, [9] p.$cill.$d22 cm$e1 cartella di c. ripieg. 225 1 $aFrankfurter wirtschafts- und sozialgeographische Schriften$v23 610 0 $aGermania$aEconomia 700 1$aHerr,$bNorbert$0294384 801 0$aIT$bUNINA$gRICA$2UNIMARC 901 $aBK 912 $a990008345620403321 952 $aPeriod.008(023)$bIst. s.i.$fILFGE 952 $aPeriod.008(023)bis$bIst. s.i.$fILFGE 959 $aILFGE 996 $aFulda und Osthessen$9722285 997 $aUNINA LEADER 02473nas 2200721-a 450 001 9911018639603321 005 20240915213022.0 011 $a1504-8497 035 $a(CKB)1000000000694217 035 $a(CONSER)--2007252665 035 $a(EXLCZ)991000000000694217 100 $a20070604b20072012 --- - 101 0 $aeng 181 $ctxt$2rdacontent 182 $cc$2rdamedia 183 $acr$2rdacarrier 200 10$aMonetary policy report /$fNorges Bank 210 $aOslo, Norway $cNorges Bank$d2007- 215 $a1 online resource 225 1 $aReports from the Central Bank of Norway 311 08$aPrint version: Monetary policy report / 1504-8470 (DLC) 2007252665 (OCoLC)137337242 410 0$aNorges banks rapportserie.$lEnglish. 531 0 $aMonet. policy rep. 606 $aInflation (Finance)$zNorway$vPeriodicals 606 $aMonetary policy$zNorway$vPeriodicals 606 $aEconomic indicators$zNorway$vPeriodicals 606 $aEconomic history$2fast$3(OCoLC)fst00901974 606 $aEconomic indicators$2fast$3(OCoLC)fst00901996 606 $aInflation (Finance)$2fast$3(OCoLC)fst00972450 606 $aMonetary policy$2fast$3(OCoLC)fst01025230 606 $aGeldpolitik$2stw 606 $aZentralbank$2stw 606 $aInflation$2stw 606 $aWirtschaftslage$2stw 606 $aNorwegen$2stw 606 $aInflation$zNorvège$vPériodiques 606 $aPolitique monétaire$zNorvège$vPériodiques 606 $aIndicateurs économiques$zNorvège$vPériodiques 607 $aNorway$xEconomic conditions$y1945-$vPeriodicals 607 $aNorway$2fast$1https://id.oclc.org/worldcat/entity/E39QbtfRyK4jjG7gmVvd83RM4Y 607 $aNorvège$xConditions économiques$y1945-$vPériodiques 608 $aPeriodicals.$2fast 608 $aPeriodicals.$2lcgft 615 0$aInflation (Finance) 615 0$aMonetary policy 615 0$aEconomic indicators 615 7$aEconomic history. 615 7$aEconomic indicators. 615 7$aInflation (Finance) 615 7$aMonetary policy. 615 7$aGeldpolitik. 615 7$aZentralbank. 615 7$aInflation. 615 7$aWirtschaftslage. 615 7$aNorwegen. 615 6$aInflation 615 6$aPolitique monétaire 615 6$aIndicateurs économiques 906 $aJOURNAL 912 $a9911018639603321 920 $aexl_impl conversion 996 $aMonetary policy report$91920611 997 $aUNINA